Francis Ford Coppola’s Favourite Actors - Statistics

General Stats
  • This quiz has been taken 10 times
  • The average score is 7 of 20
Answer Stats
Number of Movies Actor Name % Correct
3 Al Pacino
100%
4 James Caan
90%
2 Marlon Brando
90%
5 Robert Duvall
70%
3 Diane Keaton
60%
3 Nicolas Cage
60%
5 Talia Shire
60%
7 Sofia Coppola
40%
4 Carmine Coppola
20%
2 Joan Allen
20%
3 John Cazale
20%
5 Laurence Fishburne
20%
4 Diane Lane
10%
4 Frederic Forrest
10%
5 Tom Waits
10%
3 Allen Garfield
0%
3 Dean Stockwell
0%
5 Don Novello
0%
4 Glenn Withrow
0%
3 Richard Bright
0%
No matching quizzes found
Score Distribution
Percent of People with Each Score
Percentile by Number Answered
Your Score History
You have not taken this quiz